| 000 | 01655nam a2200241 4500 | ||
|---|---|---|---|
| 005 | 20160706144352.0 | ||
| 008 | 160418s1859 xxu |||fr|||| 001 0 spa d | ||
| 040 |
_aCO-BoUCM _bspa _cSandra Yazo _dSandra Yazo |
||
| 041 | 0 | _aspa | |
| 082 | 0 | 4 |
_220 _a863.9922 |
| 092 | _aE39N035 | ||
| 100 | 1 |
_976669 _aArosemena, Domingo |
|
| 245 | 1 | 0 |
_aSensaciones en Oriente o impresiones bíblicos de un granadino en la Tierra Santa _cpor Domingo Arosena |
| 260 |
_aNueva York (Estados Unidos) _bImprenta de Robert Craighead _c1859 |
||
| 300 |
_aviii, 373 páginas _c20 x 14 cm |
||
| 500 | _aDetalles físicos: Encuadernación rígida en cartón forrado en tela texturizada. Tapa con recuadros y adornos repujados. Lomo en dorado. Guardas. Hojas de cortesía, la primera con anotación manuscrita, la segunda con el retrato del autor al verso. Portada impresa en una sola tinta. Algunos subrayados. Papel con manchas. Lomo con algunas roturas en bordes. Ej.2 con algunas manchas sobre el papel | ||
| 505 | 0 | _aParís, Lyon, Aviñón, Marsella ; Malta ; Alejandría ; Jaffa o Joppe ; Beyrouth ; Monte Líbano – Drusos – Maronitas – Balbeck – Anti-líbano ; Betulia-cana ; Nazareth ; Caifá yt Monte Carmelo ; Jenin-Sebastian y Naplusa ; Jerusalén y su interior ; Mar muerto ; Regreso | |
| 506 | _aConsulta en sala | ||
| 650 | 7 |
_918718 _aLiteratura panameña _xDescripciones y viajes _zJerusalén |
|
| 690 |
_aLiteratura latinoamericana _918700 |
||
| 856 | 4 | 1 |
_uhttps://books.google.com.co/books?id=NQ4IAAAAQAAJ&printsec=frontcover&hl=es&source=gbs_ge_summary_r&cad=0#v=onepage&q&f=false _zDisponible en línea |
| 942 |
_2LOCAL _cLIBRO _e1 _hE39N035 |
||
| 999 |
_c303240 _d303240 |
||